000 00461nam a2200181Ia 4500
001 22845
005 20260414150858.0
008 260414t2013||||xx |||||||||||||| ||spa||
041 _aESP
082 _a624.15136
_bB83
100 _aBriaud, Jean-Louis
_eAUT
245 0 _aGeotechnical engineering :
_bunsaturated and saturated soils
260 _c2013
300 _axx, 998 páginas :
_c28 cm.
650 _a0
654 _aCIC
942 _cLIB
_dJUS
_fJUS
_2ddc
_n
999 _c22845
_d22845